000 00320nam a2200121Ia 4500
008 191201s2005 xx 000 0 und d
100 _aDUTTA, Subrata K R
245 0 _aUprooted Reangs: Strangers in Their Motherland
260 _aN. Delhi
_bAkansha Pub
_c2005
300 _a194
650 _aGeneral Books
942 _2ddc
_cBK
999 _c722
_d722